000 00820nam a22002897a 4500
001 BR7304243
003 BR-BrBNA
005 20230928084021.0
007 ta
008 230509b bl.||||| |||| 00| 0 por d
040 _aBR-BrBNA
_bpor
_cBiblioteca Nacional de Agricultura
041 _a(Por)
072 _aF30
_b0120
090 _ 0120 BR7304243
100 1 _aRussell, W.A.
110 1 _aFundacao Cargill, Sao Paulo, SP (Brasil)
_94794
245 1 _aObtencao e avaliacao de linhagens de milho [Zea mays]
260 3 _aSao Paulo, SP (Brasil):
_c[nd].
300 _a53 p.
500 _aPublished after 1973; 9 illus.; 14 tables; 29 ref.
650 _aMELHORAMENTO GENETICO VEGETAL
650 _aLINHAGEM
650 _aMILHO
650 _aVARIEDADE
909 _a202309
_bLucia
_c55
_dLucia Elande
942 _cBK
999 _c16337
_d16337